Forty centuries of ink ; or, A chronological narrative concerning ink and its backgrounds, introducing incidental observations and deductions, parallels of time and color phenomena, bibliography, chemistry, poetical effusions, citations, anecdotes and curiosa together with some evidence respecting the evanescent character of most inks of to-day and an epitome of chemico-legal ink /

Bibliographic Details
Main Author: Carvalho, David Nunes, 1848-1925
Format: Book
Language:English
Published: New York : B. Franklin, [1971]
Series:Burt Franklin research & source works series ; 687.
Burt Franklin bibliography & reference series. Essays in literature and criticism ; 122.
Subjects:

MARC

Tag First Indicator Second Indicator Subfields
LEADER 00000cam a2200000 4500
001 in00000093325
005 20150927070135.0
008 710723r19711904nyu 00110 eng
010 |a  76147154  
020 |a 0833704907 
035 |a (OCoLC)00154870 
035 |9 AAL5163AM 
040 |a DLC  |c DLC  |d TXA  |d UtOrBLW 
049 |a TXAM  |c [1125528] 
050 0 0 |a TP947  |b .C33 1971 
082 0 |a 667/.4 
100 1 |a Carvalho, David Nunes,  |d 1848-1925. 
245 1 0 |a Forty centuries of ink ;  |b or, A chronological narrative concerning ink and its backgrounds, introducing incidental observations and deductions, parallels of time and color phenomena, bibliography, chemistry, poetical effusions, citations, anecdotes and curiosa together with some evidence respecting the evanescent character of most inks of to-day and an epitome of chemico-legal ink /  |c by David N. Carvalho. 
264 1 |a New York :  |b B. Franklin,  |c [1971] 
300 |a viii, 374 pages ;  |c 22 cm. 
336 |a text  |b txt  |2 rdacontent 
337 |a unmediated  |b n  |2 rdamedia 
338 |a volume  |b nc  |2 rdacarrier 
490 1 |a Burt Franklin research and source works series, 687. Essays in literature and criticism, 122 
500 |a Reprint of the 1904 edition. 
650 0 |a Ink. 
740 2 |a A chronological narrative concerning ink and its backgrounds. 
830 0 |a Burt Franklin research & source works series ;  |v 687. 
830 0 |a Burt Franklin bibliography & reference series.  |p Essays in literature and criticism ;  |v 122. 
999 |a MARS 
999 f f |s b64f2a99-19f1-3994-9008-ed5ec6c6127f  |i 83dcb5cf-7d55-31d5-bfa4-dc36f45c94ed  |t 0 
952 f f |p ric  |a Texas A&M University  |b Rellis Campus  |c Joint Library Facility  |d Remote Storage  |t 0  |e TP947 .C33 1971  |h Library of Congress classification  |i unmediated -- volume  |m A14805617736 
998 f f |a TP947 .C33 1971  |t 0  |l Remote Storage